Kīrtilatā. (Record no. 60313)

MARC details
000 -LEADER
fixed length control field 00619cam a22002291 4500
001 - CONTROL NUMBER
control field sa 64007544
003 - CONTROL NUMBER IDENTIFIER
control field DLC
005 - DATE AND TIME OF LATEST TRANSACTION
control field 20260227112047.0
008 - FIXED-LENGTH DATA ELEMENTS--GENERAL INFORMATION
fixed length control field 890703s1962 ii h 000 0 hino
010 ## - LIBRARY OF CONGRESS CONTROL NUMBER
LC control number sa 64007544
035 ## - SYSTEM CONTROL NUMBER
System control number (OCoLC)19958941
040 ## - CATALOGING SOURCE
Original cataloging agency DLC
Transcribing agency WaU
Modifying agency DLC
042 ## - AUTHENTICATION CODE
Authentication code premarc
050 00 - LIBRARY OF CONGRESS CALL NUMBER
Classification number PK2095.V45
Item number K5 1962
100 0# - MAIN ENTRY--PERSONAL NAME
Personal name Vidyāpati Ṭhākura,
Dates associated with a name active 15th century.
245 10 - TITLE STATEMENT
Title Kīrtilatā.
260 ## - PUBLICATION, DISTRIBUTION, ETC.
Date of publication, distribution, etc. [1962]
300 ## - PHYSICAL DESCRIPTION
Extent 122, 450 p.
Other physical details facsims.
Dimensions 19 cm.
500 ## - GENERAL NOTE
General note In Hindi.
600 00 - SUBJECT ADDED ENTRY--PERSONAL NAME
Personal name Kīrtisiṃha,
Dates associated with a name active 15th century
Form subdivision Poetry.
700 1# - ADDED ENTRY--PERSONAL NAME
Personal name Agrawala, Vasudeva Sharana.

No items available.

Powered by Koha